Курс общей и неогранической химии: учебное пособие для студентов химико-технологических вузов

Bibliographische Detailangaben
1. Verfasser: Михайленко Я. И. Яков Иванович
Weitere Verfasser: Кафтанов С. В. (редактор), Крешков А. П., Семишин В. И.
Zusammenfassung:Данное учебное пособие издано в связи со 100-летним юбилеем профессора Якова Ивановича Михайленко и отражает его многолетний опыт преподавания общей и неорганической химии в Московском химико-технологическом институте им. Д.И. Менделеева
Sprache:Russisch
Veröffentlicht: Москва, Высшая школа, 1966
Schlagworte:
Format: Buch
KOHA link:https://koha.lib.tpu.ru/cgi-bin/koha/opac-detail.pl?biblionumber=152322

MARC

LEADER 00000nam0a2200000 4500
001 152322
005 20231101221620.0
035 |a (RuTPU)RU\TPU\book\165152 
090 |a 152322 
100 |a 20090129d1966 m y0rusy50 ca 
101 0 |a rus 
102 |a RU 
105 |a ac j 011zd 
200 1 |a Курс общей и неогранической химии  |e учебное пособие для студентов химико-технологических вузов  |f Я. И. Михайленко  |g под ред. С. В. Кафтанова, А. П. Крешкова и В. И. Семишина 
210 |a Москва  |c Высшая школа  |d 1966 
215 |a 663 с.  |c ил. 
300 |a Данное учебное пособие издано в связи со 100-летним юбилеем профессора Якова Ивановича Михайленко и отражает его многолетний опыт преподавания общей и неорганической химии в Московском химико-технологическом институте им. Д.И. Менделеева 
318 |5 63413507  |a Томский Политехнический: События и люди. Юбилейные даты 2009 года  |b выставка 
320 |a Предм. указ.: с. 641-660 
600 1 |a Михайленко  |b Я. И.  |c химик  |c заслуженный деятель науки и техники РСФСР (1940)  |c профессор ТТИ (1902-1923)  |c ректор ТТИ (1921-1922)  |f 1864-1943  |g Яков Иванович  |2 stltpush  |3 (RuTPU)RU\TPU\pers\19083 
606 1 |a Химия  |2 stltpush  |3 (RuTPU)RU\TPU\subj\17362  |9 43035 
606 1 |a Неорганическая химия  |2 stltpush  |3 (RuTPU)RU\TPU\subj\67586  |9 83311 
610 1 |a химические науки 
610 1 |a общая химия 
610 1 |a учебные пособия 
610 1 |a труды учёных ТПУ 
610 1 |a коллекция ТПУ 
675 |a 54(075.8)  |v 3 
675 |a 546(075.8)  |v 3 
686 |a Ч611  |v LBC/SL-A  |2 rubbk 
700 1 |a Михайленко  |b Я. И.  |c химик  |c заслуженный деятель науки и техники РСФСР (1940)  |c профессор ТТИ (1902-1923)  |c ректор ТТИ (1921-1922)  |f 1864-1943  |g Яков Иванович  |2 stltpush  |3 (RuTPU)RU\TPU\pers\19083 
702 1 |a Кафтанов  |b С. В.  |4 340 
702 1 |a Крешков  |b А. П.  |4 340 
702 1 |a Семишин  |b В. И.  |4 340 
801 1 |a RU  |b 63413507  |c 20090129  |g PSBO 
801 2 |a RU  |b 63413507  |c 20210114  |g PSBO 
942 |c BK